000 00591aam a22002291a 4500
001 YPZ17818
003 YPZ
005 20190403133341.0
008 061207|###########||||||b||||||||||spa|d
020 _a9509265748
040 _cSIUNPA
041 _aspa
044 _aAR
080 _a930.24 ARG
100 _aArgentina, Ministerio de cultura y educación.
245 _aEfemérides culturales argentinas
260 _aBuenos Aires
_b : Ministerio de Cultura y Educación
_c , 1996
300 _a199 p. ; 22 cm. :
650 _aHISTORIA
650 _aACONTECIMIENTOS
942 _cBK
999 _c16386
_d16386